000 nam a22 7a 4500
999 _c8256
_d8256
008 171213b xxu||||| |||| 00| 0 eng d
100 _94680
_aCHAUDHRY.H
245 _aEXCELLENCE IN SCHOOL EDUCATION -II,SYSTEM AND PROCESSES
260 _aNEW YORK
_bSCHOLASTIC
_c2011